000 00859cam a2200277 4500
008 000000n2001 000 0 eng u
020 _a1851124713
035 _a(Sirsi) u111651
050 _a711.52
100 _aDabinett, Gordon
100 _aLawless, Paul
110 _aUnited Kingdom
_bDepartment of the Environment, Transport and the Regions
_93507
245 2 _aA review of the evidence base for regeneration policy and practice.
260 _aLondon
_bDETR
_c2001
300 _a99p. ; 30cm.
350 _a25.00
650 _aURBAN REGENERATION
650 _aPLANNING
650 _aREGENERATION PROGRAMMES
650 _aAREA-BASED INITIATIVES
690 _aREGENERATION
700 _aRhodes, John
700 _aTyler, Peter
710 _aUnited Kingdom
_bDepartment of the Environment, Transport and the Regions
_93507
942 _n0
999 _c101273
_d101273